Preparation and characterization of organoclay-rubber nanocomposites via a new route using skim natural rubber latex (Record no. 51593)

MARC details
000 -LEADER
fixed length control field 00386nam a2200121Ia 4500
100 ## - MAIN ENTRY--AUTHOR NAME
Personal name Alex R
245 #0 - TITLE STATEMENT
Title Preparation and characterization of organoclay-rubber nanocomposites via a new route using skim natural rubber latex
260 ## - PUBLICATION, DISTRIBUTION, ETC. (IMPRINT)
Name of publisher Journal of Applied Polymer Science
Year of publication 2006
300 ## - PHYSICAL DESCRIPTION
Number of Pages 3277-85
700 ## - ADDED ENTRY--PERSONAL NAME
Personal name Nah C
942 ## - ADDED ENTRY ELEMENTS (KOHA)
Koha item type Bibliography STAF
Holdings
Withdrawn status Lost status Damaged status Not for loan Home library Current library Date acquired Serial Enumeration / chronology Koha item type
      Bibliography RRII Library RRII Library 09/04/2014 Volume 102, Issue 4 Bibliography STAF